Intermediate accounting vol. 1 / (Record no. 1853)

MARC details
000 -LEADER
fixed length control field 00683nam a22002057a 4500
003 - CONTROL NUMBER IDENTIFIER
control field OSt
005 - DATE AND TIME OF LATEST TRANSACTION
control field 20240703021351.0
008 - FIXED-LENGTH DATA ELEMENTS--GENERAL INFORMATION
fixed length control field 240703b |||||||| |||| 00| 0 eng d
020 ## - INTERNATIONAL STANDARD BOOK NUMBER
International Standard Book Number 978-621-416-105-8
040 ## - CATALOGING SOURCE
Original cataloging agency DWC- Main Lib
Transcribing agency OC
082 ## - DEWEY DECIMAL CLASSIFICATION NUMBER
Classification number Fil. 657.004 V1742i 2021
100 ## - MAIN ENTRY--PERSONAL NAME
Personal name Valix, Conrado T.
245 ## - TITLE STATEMENT
Title Intermediate accounting vol. 1 /
Statement of responsibility, etc. Conrado T. Valix ; Jose F. Peralta & Christain Aris M. Valix.
260 ## - PUBLICATION, DISTRIBUTION, ETC.
Place of publication, distribution, etc. Manila, Philippines :
Name of publisher, distributor, etc. GIC Enterprises & Co. Inc.,
Date of publication, distribution, etc. c2021.
300 ## - PHYSICAL DESCRIPTION
Extent vol. 1, 1020 pages :
Other physical details illustrations ;
Dimensions 22cm
650 ## - SUBJECT ADDED ENTRY--TOPICAL TERM
Topical term or geographic name entry element 1. Accounting
700 ## - ADDED ENTRY--PERSONAL NAME
Personal name Peralta, Jose F.
700 ## - ADDED ENTRY--PERSONAL NAME
Personal name Valix, Christain Aris M.
942 ## - ADDED ENTRY ELEMENTS (KOHA)
Source of classification or shelving scheme Dewey Decimal Classification
Koha item type Book-Filipiniana
Suppress in OPAC Yes
952 ## - LOCATION AND ITEM INFORMATION (KOHA)
--
Holdings
Withdrawn status Lost status Source of classification or shelving scheme Damaged status Not for loan Home library Current library Date acquired Source of acquisition Total Checkouts Full call number Barcode Date last seen Copy number Price effective from Koha item type Uniform Resource Identifier
    Dewey Decimal Classification     College Library College Library 05/12/2022 Replacement   Fil. 657.004 V1742i 2021 53292 07/03/2024 c1 07/03/2024 BK - FIL